000 01103pab a2200169 454500
008 180718b2011 xxu||||| |||| 00| 0 eng d
100 _aKashyap, Subbash C
245 _aResvisiting corruption: Need for systemic reforms to strengthen democratic structures
260 _c2011
300 _ap.445-457
362 _aJuly - Sep
520 _aIndia has been a functioning democracy for over sixty year.The system has shown remarkable resilience and vibrance in the face of many a crisis.The democratic pocesses have by now taken strong roots. Howeve, in all times and climes democracy remains a tender plant and unless nursed with care, it tends to wither away. What seems to have become our supreme task is to find the ways to strengthen the representative institutions and prevent democratic polity from sinking further in the muck of corruption. Here is an attempt to evaluate the various legislative and other methods and remedies for tackling the menance of corruption. - Reproduced.
650 _aCorruption
773 _aIndian Journal of Public Administration
908 _aN
909 _a94151
999 _c94151
_d94151